Dynamic contrast-enhanced MRI of breast cancer at 3T /
Saved in:
| Main Author: | |
|---|---|
| Format: | Book |
| Language: | English |
| Published: |
2011.
|
| Subjects: | |
| Tags: |
Add Tag
No Tags, Be the first to tag this record!
|
| LEADER | 00971cam a2200265 a 4500 | ||
|---|---|---|---|
| 001 | u835149 | ||
| 003 | SIRSI | ||
| 005 | 201108041237 | ||
| 008 | 110804s2011 my t 001 0 eng | ||
| 040 | |a UMP | ||
| 043 | |a a-my--- | ||
| 096 | |a WP870 |b Azlca 2011 | ||
| 100 | 0 | |a Azlan Che Ahmad. | |
| 245 | 1 | 0 | |a Dynamic contrast-enhanced MRI of breast cancer at 3T / |c Azlan Che Ahmad. |
| 260 | |c 2011. | ||
| 300 | |a xxiii, 196 leaves : |b ill. ; |c 30 cm. | ||
| 500 | |a A thesis presented for the degree of Doctor of Philosophy at the University of Aberdeen - Gift by Dr Azlan Che Ahmad. | ||
| 504 | |a Bibliography: leaves 187-196. | ||
| 650 | 1 | 2 | |a Breast Neoplasms |x diagnosis. |
| 650 | 2 | 2 | |a Magnetic Resonance Imaging |x instrumentation. |
| 650 | 2 | 2 | |a Magnetic Resonance Imaging |x methods. |
| 710 | 2 | 0 | |a Universiti Malaya. |b Jabatan Perubatan. |
| 900 | |a RAH | ||
| 596 | |a 2 | ||
| 999 | |a WP870 AZLCA 2011 |w NLM |c 1 |i A514782734 |d 17/8/2011 |f 17/8/2011 |g 1 |l TESIS |m P02MEDKL |r Y |s Y |t TESIS |u 17/8/2011 | ||
